Capitais da América - Statistics

Estatísticas Gerais
  • Esse quiz foi jogado 261 vezes
  • A pontuação média é 24 de 35
Estatísticas das Respostas
Dica Resposta % Correto
Argentina Buenos Aires
99%
Brasil Brasília
97%
Estados Unidos Washington, D.C.
94%
Canadá Ottawa
89%
Chile Santiago
89%
Colômbia Bogotá
88%
México Cidade do México
88%
Bolívia La Paz/Sucre
87%
Peru Lima
87%
Cuba Havana
84%
Venezuela Caracas
83%
Uruguai Montevidéu
82%
Equador Quito
82%
Paraguai Assunção
81%
Panamá Cidade do Panamá
76%
El Salvador San Salvador
73%
Guatemala Cidade da Guatemala
68%
Guiana Georgetown
67%
Suriname Paramaribo
67%
Jamaica Kingston
66%
São Vicente e Granadinas Kingstown
66%
Costa Rica San José
63%
República Dominicana Santo Domingo
59%
Haiti Porto Príncipe
57%
Nicarágua Manágua
53%
Bahamas Nassau
52%
Honduras Tegucigalpa
52%
Belize Belmopan
51%
Trinidad e Tobago Port of Spain
45%
Antígua e Barbuda Saint John's
43%
Barbados Bridgetown
36%
Granada Saint George’s
34%
Santa Lúcia Castries
32%
São Cristóvão e Névis Basseterre
31%
Dominica Roseau
30%
Nenhum quiz correspondente encontrado
Distribuição das Pontuações
Porcentagem de Pessoas com Cada Pontuação
Percentil de Números Respondidos
Sua Pontuação Histórica
Você não jogou esse quiz